000 00392nam a2200145Ia 4500
008 090124s9999 xx 000 0 und d
082 _b402656
245 _a देव जागा आहे
250 _a1
260 _bदातार ह.वि.
_c1978
300 _a106
630 _a देव जागा आहे
730 _a देव जागा आहे
942 _cBOOK
999 _c199116
_d199116